|
|
|
|
| LEADER |
00000nam0a2200000 4500 |
| 001 |
128154 |
| 005 |
20231101220111.0 |
| 010 |
|
|
|a 9785367005097
|
| 035 |
|
|
|a (RuTPU)RU\TPU\book\138610
|
| 090 |
|
|
|a 128154
|
| 100 |
|
|
|a 20071224d2007 m y0rusy50 ca
|
| 101 |
0 |
|
|a rus
|
| 102 |
|
|
|a RU
|
| 105 |
|
|
|a ac z 000ay
|
| 200 |
1 |
|
|a Московский хор
|e [пьесы]
|f Л. С. Петрушевская
|
| 210 |
|
|
|a СПб.
|c Амфора
|d 2007
|
| 215 |
|
|
|a 430 с.
|c ил.
|
| 330 |
|
|
|a В книгу вошли пьесы Людмилы Петрушевской, часть из которых неизвестна читающей и театральной публике. Это прежде всего знаменитый «Московский хор», получивший множество премий (после постановки в петербургском Малом драматическом театре) и публикующийся впервые. В сборнике есть и другой лауреат — пьеса «Бифем», спектакль по которой был награждён премией за лучший текст года на фестивале «Новая драма» в 2003 г. Вошли в книгу и пьесы, недавно поставленные («Певец певица»), и совершенно новые («Еду в сад»). В разделе «Детский театр» представлены пьесы, идущие в разных городах уже много лет.
|
| 610 |
1 |
|
|a русская литература
|
| 610 |
1 |
|
|a пьесы
|
| 610 |
1 |
|
|a драмы
|
| 610 |
1 |
|
|a драматургия
|
| 675 |
|
|
|a Р2
|v 3
|
| 700 |
|
1 |
|a Петрушевская
|b Л. С.
|c русская писательница
|f 1938-
|g Людмила Стефановна
|2 stltpush
|3 (RuTPU)RU\TPU\pers\15448
|9 5360
|
| 801 |
|
1 |
|a RU
|b 63413507
|c 20071224
|g PSBO
|
| 801 |
|
2 |
|a RU
|b 63413507
|c 20180426
|g PSBO
|
| 942 |
|
|
|c BK
|